Detalles MARC
| 000 -CABECERA |
| Longitud fija campo de control |
01115cam a2200289 a 4500 |
| 003 - • IDENTIFICADOR DELl NÚMERO DE CONTROL |
| Identificador del número de control |
CO-BoRNBP |
| 005 - • FECHA Y HORA DE LA ÚLTIMA TRANSACCIÓN |
| Fecha y hora de la última transacción |
20230403153924.0 |
| 007 - • CAMPO FIJO DE DESCRIPCIÓN FÍSICA |
| Campo fijo de descripción física |
ta |
| 008 - • CÓDIGOS DE INFORMACIÓN DE LONGITUD FIJA |
| Códigos de información de longitud fija |
070201s2006 ck ao r 000 0 spa d |
| 020 ## - • NÚMERO INTERNACIONAL NORMALIZADO PARA LIBROS |
| Número Internacional Normalizado para Libros (ISBN) |
9588156823 |
| 040 ## - FUENTE DE LA CATALOGACIÓN |
| Centro catalogador de origen |
CO-BoRNBP |
| Lengua de catalogación |
spa |
| Normas de descripción |
rda |
| Centro transcriptor |
CO-BoRNBP |
| 041 ## - • CÓDIGO DE LENGUA |
| Código de lengua del texto/banda sonora o título independiente |
spa |
| 082 04 - • NÚMERO DE LA CLASIFICACIÓN DECIMAL DEWEY |
| Número de clasificación (R) |
720.986 |
| Número del ítem |
S15 |
| 100 10 - • PUNTO DE ACCESO PRINCIPAL-NOMBRE DE PERSONA |
| Nombre de persona |
Santos Molano, Enrique |
| Fechas asociadas al nombre |
1942- |
| 245 00 - • TITULO PROPIAMENTE DICHO |
| Título |
Bogotá 360° |
| Resto del título |
la ciudad interior |
| Mención de responsabilidad, etc. |
textos Enrique Santos Molano ; dirección y diseño y edición Benjamín Villegas ; fotografía Cristóbal von Rothkirch |
| 250 ## - • MENCIÓN DE EDICIÓN |
| Mención de edición |
1a edición |
| 264 ## - PRODUCCIÓN, PUBLICACIÓN , DISTRIBUCIÓN, FABRICACIÓN Y COPYRIGHT |
| Lugar de producción, publicación, distribución, fabricación |
Bogotá |
| Nombre del productor, editor, distribuidor, fabricante |
Villegas Editores |
| Fecha de de producción, publicación, distribución, fabricación o copyright |
2006 |
| 300 ## - • DESCRIPCIÓN FÍSICA |
| Extensión |
189 páginas |
| Dimensiones |
19 cm. |
| Otras características físicas |
ilustraciones |
| 336 ## - TIPO DE CONTENIDO |
| Término de tipo de contenido |
texto |
| Código de tipo de contenido |
txt |
| Fuente |
rdacontent |
| 337 ## - TIPO DE MEDIO |
| Nombre del tipo de medio |
sin mediación |
| Código del tipo de medio |
n |
| Fuente |
rdamedia |
| 338 ## - TIPO DE SOPORTE |
| Nombre del tipo de soporte |
volumen |
| Código del tipo de soporte |
nc |
| Fuente |
rdacarrier |
| 650 14 - • PUNTO DE ACCESO ADICIONAL DE MATERIA - TÉRMINO DE MATERIA |
| Término de materia o nombre geográfico como elemento inicial |
Patrimonio cultural y urbanístico |
| Subdivisión geográfica |
Bogotá (Colombia) |
| Subdivisión de forma |
Fotografías |
| Fuente del encabezamiento o término |
LEMB |
| 650 14 - • PUNTO DE ACCESO ADICIONAL DE MATERIA - TÉRMINO DE MATERIA |
| Término de materia o nombre geográfico como elemento inicial |
Arquitectura |
| Subdivisión de materia general |
Edificios |
| Subdivisión geográfica |
Bogotá (Colombia) |
| Subdivisión de forma |
Fotografías |
| Fuente del encabezamiento o término |
LEMB |
| 700 10 - • PUNTO DE ACCESO ADICIONAL - NOMBRE DE PERSONA |
| Nombre de persona |
Villegas Jiménez, Benjamín |
| Fechas asociadas al nombre |
1948- |
| Término indicativo de función |
director |
| 700 10 - • PUNTO DE ACCESO ADICIONAL - NOMBRE DE PERSONA |
| Nombre de persona |
Rothkirch, Cristóbal von Rothkirch |
| Término indicativo de función |
fotógrafo |
| 942 ## - ENTRADA DE ELEMENTOS AGREGADOS (KOHA) |
| Fuente de clasificaión o esquema |
Dewey Decimal Classification |
| Koha [por defecto] tipo de item |
LIbro |